Регионална библиотека "Любен Каравелов" - Русе

Die Entführung aus dem Serail (Opernquerschnitt) (Запис номер 519482)

MARC детайли
000 -Лидер
Лидер 01397njm a2200325 a 4500
003 - Код на организацията, давaща контролен номер
Код на организацията, даваща контролен номер BLK
005 - Дата и час на последна редакция
Дата и час на последна редакция 20250301005546.0
007 - Фиксирано поле за физическо описани
Физическо описание sd ammalaaahaa
008 - Елементи от данни с фиксирана дължина
Елементи с фиксирана дължина 241015b bu |||||s|||| 00| | bu d
028 ## - PUBLISHER NUMBER
Издателски номер 826521
040 ## - Източник на каталожния запис
Код на библиотеката BLK
041 ## - Код за език
Език на записа Немски
Език за КДБФ Немски
080 ## - УДК
УДК текст Опера. Музикална драма. Романтична опера. Опера-приказка
УДК код 782.1
УДК – определител (086.72)
УДК – код + определител 782.18(086.72)
100 ## - Редна дума - Автор
R(LIN) 386874
Автор Mozart, Wolfgang Amadeus
Години, свързани с автора 1756 - 1791
245 ## - Сведения за заглавието
Заглавие Die Entführung aus dem Serail (Opernquerschnitt)
Авторска отговорност Wolfgang Amadeus Mozart ; Staatskapelle Dresden ; dir. Karl Böhm
260 ## - Област на издателските данни
9 (RLIN) 210744
Място на издаване Berlin
Име на издателя Deutsche Schallplatten
Година на издаване 1974
300 ## - Физическа характеристика
Брой страници 1 грамофонна плоча 33 об/мин
Илюстрации stereo
Размер 30 см
380 ## - Жанр
Жанр Изкуство
490 ## - СЕРИИ (Колекции)
Серия Eterna
9 (RLIN) 493861
511 ## - Забележка за участници или изпълнители
Забележка за участници Arleen Augér, Sopran(Konstanze) ; Reri Grist, Sopran(Blondchen) ; Peter Schreier, Tenor(Belmonte) ;Harald Neukirch, Tenor<br/>(Pedrillo) ; Kurt Moll, Baß(Osmin)
518 ## - Забележка за време/място на протичане на отразеното събитие
Забележка за време и място на протичане на отразеното събитие Aufgenommen im September 1973 im Studio Lukaskirche, Dresden
650 #0 - Допълнително описание по предмет – тема
9 (RLIN) 353190
Предметна рубрика Опери, откъси
700 ## - Други автори (авторска отговорност)
9 (RLIN) 368558
Друг автор Моцарт, Волфганг Амадеус
700 1# - Други автори (авторска отговорност)
9 (RLIN) 5560
Друг автор Bohm, Karl
710 ## - Име на организация или юридическо лице като допълнителен термин за търсене
9 (RLIN) 494213
Друг колективен автор Staatskapelle Dresden
852 ## - Местоположение
Сигнатура (форматна) Ф ІІ 2946
Отдел Хранилище
856 ## - Електронен адрес и достъп
Инструкция (цена за достъп) 0.00
Права за достъп disable
942 ## - АРТИКУЛИ
Вид на библиотечния документ Грамофонни плочи
Скрит в OPAC Не
944 ## - СЪЗДАВАНЕ И РЕДАКЦИЯ на ЗАПИСА
Дата на регистрацията/редакция Геновева Генчева
Служител, извършил регистрацията/редакцията
Статус, дата на статуса CRON CRON
Създаване/Редакция
999 ## - СИСТЕМНИ КОНТРОЛНИ НОМЕРА
Koha biblionumber 519482
Koha biblioitemnumber 519482
Наличности
Код за отписване Код за изгубен артикул Източник на класификационната схема Код за повреда Коз за рестрикции Код за отдаване Артикулен № Име на библиотеката - собственик Име на библиотеката, в която се намира в момента Статус (Текущо местоположение) Дата на вписване в системата Местоположение - отдел Цена в лева Инвентарен номер Систематично азбучна сигнатура Баркод Цена в евро Служебен тип на артикула
  Не е изгубен Universal Decimal Classification Не е повреден само за читалня ползва се в читалня 952107 Регионална библиотека "Любен Каравелов" Русе Регионална библиотека "Любен Каравелов" Русе Хранилище 2024-10-15 Основен фонд - ползва се само за читалня 4.50 11436 Ф ІІ 2946 900000108916 2.30 Грамофонни плочи
Vip Innovations Ltd, Rousse, Bulgaria 2025